000 00549nam a2200193Ia 4500
005 20250508150829.0
008 008 250505s9999 xx 000 0 eng d
037 _aTextBook
040 _aFEDL
_beng
_cFEDL
041 _aeng
_2eng
084 _a370.15, CLE
_qFEDL
100 _aCleugh M.F.
245 0 _aPsychology in the service of the school
260 _aLondon, UK
_bMethuen and Company Limited
_c1951
300 _a183p.
650 _aEdcuation-Psychology
_9756182
942 _cTB
_h370.15, CLE
999 _c1325930
_d1325930